000 00330nam a2200133Ia 4500
008 220204s9999 xx 000 0 und d
082 _a582.28:630*114
_bGIL
100 _aGILMAN, Joseph C
245 0 _aManual of soil fungi.
250 _aEd.2
260 _aUSA
_bIowa Sate University
_c1957
650 _aSoil fungi
942 _cBK
999 _c21022
_d21022